000 00707nam a2200289Ia 4500
005 20260324123625.0
008 008 260324s9999 xx 000 0 eng d
020 _a9781315596884
037 _aEBOOK
040 _aCRL
040 _beng
040 _cCRL
041 _2eng
041 _aeng
084 _qCRL
100 _aIan Biddle
_91167697
245 0 _aMusic, Masculinity and the Claims of History
245 4 _bThe Austro-German Tradition from Hegel to Freud
260 _bTaylor and Francis
260 _c2011
365 _a
365 _b240
856 _uhttp://www.taylorfrancis.com/books/9781315596884
942 _cEBOOK
999 _c1764708
_d1764708